| 000 | 00529nam a2200157 i 4500 | ||
|---|---|---|---|
| 001 | 62998 | ||
| 003 | ES-MaACL | ||
| 005 | 20230906164750.0 | ||
| 007 | t| | ||
| 008 | 031127s1972 sp ||||1| spa d | ||
| 100 | 1 |
_aFernández Ortiz, José Luis. _949972 |
|
| 245 | 1 | 0 |
_aOrganización sindical _b: secretarios técnicos sindicales : (contestaciones al cuestionario) / _cpor José L. Fernández Ortiz. |
| 260 |
_aToledo : _bOrganización Sindical, _c1972. |
||
| 300 |
_a249 fol. ; _c31 cm. |
||
| 852 |
_aES-MaACL _jC-42557 _bR.82217 |
||
| 999 |
_c62998 _d62998 |
||